Quiz Mountain: Olympic Edition Stats

 Plays Quiz Updated Feb 12, 2018

Challenge
Share
Tweet
Score 0/24 Timer 08:00
12 Plays Today
% Correct
Michael Phelps
93.5%
Rio de Janeiro
90.8%
World War I
90.8%
Curling
90%
Stronger
86.6%
USA & Soviet Union
85.8%
Cassius Clay
83.2%
The Dream Team
82.8%
Adolf Hitler
81.3%
Bobsled, Luge, Skeleton
79.4%
Fencing, Swimming, etc.
76.4%
Shuttlecock
75.5%
% Correct
Australia
67.9%
1896
62%
Sapporo, Nagano
61.2%
Florence Griffith Joyner
60.6%
Zimbabwe
55.5%
Finland
52.9%
St. Louis
50.1%
Nadia Comăneci
48.7%
Pigeons, Boars
47.3%
Helsinki, Finland
43.3%
Monaco and San Marino
43.1%
Rowing
36%

You're not logged in!

Compare scores with friends on all Sporcle quizzes.
OR
Log In

You Might Also Like...

Show Comments

Extras

Top Quizzes Today


Score Distribution

Your Account Isn't Verified!

In order to create a playlist on Sporcle, you need to verify the email address you used during registration. Go to your Sporcle Settings to finish the process.

Report this User

Report this user for behavior that violates our Community Guidelines.

Details: